00434nam a2200109Ia 4500008004100000245017100041260002900212260000900241300000600250650001300256856005500269170516s9999 xx 000 0 und d aDesign and Evaluation of Voriconazole Eye Drops for the Treatment of Fungal Keratitis, Sakshi Malhotra, Anubha Khare, Kanchan Grover, Inderbir Singh, and Pravin Pawar bJournal of Pharmaceutics c2014 a: xPharmacy uhttps://www.hindawi.com/journals/jphar/contents/2/